| 000 | 01010nam a2200277 a 4500 | ||
|---|---|---|---|
| 001 | BRCA_7979 | ||
| 005 | 20190320210059.0 | ||
| 008 | 120314s1968----mx-a###f##---#000-0#spa-# | ||
| 041 | _aspa | ||
| 044 | _amx | ||
| 050 | 4 |
_aND454 _b.M84 _c1968 |
|
| 245 | 1 | 0 |
_aMuseo de San Carlos _ctexto de Enrique Gual ; recopilación de José Rogelio Álvarez y Xavier Moyssen ; edición de Beatriz Trueblood. |
| 260 |
_aMéxico _bComité Organizador de los Juegos de la XIX Olimpiada _c1968 |
||
| 300 |
_a71 p. _bil. (algunas a color) _c22 cm. |
||
| 500 | _a305 | ||
| 520 | 3 | _aEdición conmemorativa de las guías de los Museos de la Ciudad de México | |
| 610 | 2 | 4 |
_aMuseo de San Carlos _92079 |
| 650 | 1 | 4 |
_aPintura europea _vCatálogos _96299 |
| 650 | 1 | 4 |
_aPintura _zMéxico (Ciudad de México) _919788 |
| 700 | 1 |
_aGual, Enrique _919789 |
|
| 700 | 1 |
_aTrueblood, Beatriz _eed. _919790 |
|
| 700 | 1 |
_aÁlvarez, José Rogelio _erecop. _919791 |
|
| 700 | 1 |
_aMoyssen, Xavier _erecop. _93873 |
|
| 902 | _aGFM | ||
| 942 |
_2lcc _cB |
||
| 999 |
_c7648 _d7648 |
||